Statistics for Боје на заставама #1

Click here to take the quiz!

General Stats

  • This quiz has been taken 144 times
  • The average score is 3 of 6

Answers on the Map

Answers color-coded by a green-red scale on the quiz's map according to % correct below.
 

Answer Stats

Answer% Correct
бела
75%
зелена
55%
црвена
49%
плава
42%
жута
38%
црна
30%

Score Distribution

Percentile by Number Answered

Percent of People with Each Score

Your Score History

You have not taken this quiz